| 000 -ლიდერი |
| ფიქსირებული სიგრძის საკონტროლო ველი |
01565nam a2200289Ia 4500 |
| 001 - საკონტროლო ნომერი |
| საკონტროლო ველი |
17967 |
| 003 - საკონტროლო ნომრის იდენტიფიკატორი |
| საკონტროლო ველი |
GE_BSU |
| 005 - ბოლო ოპერაციის თარიღი და დრო |
| საკონტროლო ველი |
20250221122300.0 |
| 008 - ფიქსირებული სიგრძის მონაცემთა ელემენტები - ზოგადი ინფორმაცია |
| ფიქსირებული სიგრძის საკონტროლო ველი |
181216s2013||||ge |||||||||||||| ||geo|| |
| 020 ## - წიგნის საერთაშორისო სტანდარტული ნომერი |
| International Standard Book Number |
9789941060151 |
| 040 ## - კატალოგიზაციის წყარო |
| Transcribing agency |
GE_BSU |
| 041 ## - ენის კოდი |
| Language code of text/sound track or separate title |
geo |
| 080 ## - უნივერსალური ათობითი კლასიფიკაციის ინდექსი |
| Universal Decimal Classification number |
070(075.8)+070(479.22)+342.732+316.722+659.4+17.022.1ჟ-95 |
| 245 ## - ცნობა სათაურის შესახებ |
| Title |
ჟურნალისტიკა : |
| Remainder of title |
[სახელმძღვ.] / |
| Statement of responsibility, etc |
იდეის ავტ. მარინე ვეკუა, ჟილ რუე ; ავტორთა ჯგუფი : მარინე დარსაველიძე, მარინე ვეკუა, ხათუნა კაჭარავა [და სხვ.]. ; მთარგმნ. მაია გუდაძე]. |
| 264 ## - წარმოების, გამოცემის, დისტრიბუციის და სხვა ცნობები |
| გამოცემის, წარმოების, დისტრიბუციის... ადგილი |
თბილისი : |
| გამოცემის, წარმოების, დისტრიბუციის... სახელწოდება |
მერიდიანი, |
| გამოცემის, წარმოების, დისტრიბუციის... თარიღი |
2013. |
| 300 ## - ფიზიკური აღწერა |
| Extent |
332 გვ. ; |
| Dimensions |
27 სმ. |
| 504 ## - BIBLIOGRAPHY, ETC. NOTE |
| Bibliography, etc |
ბიბლიოგრ. თავების ბოლოს |
| 653 ## - INDEX TERM--UNCONTROLLED |
| Uncontrolled term |
ჟურნალისტიკა |
| 653 ## - INDEX TERM--UNCONTROLLED |
| Uncontrolled term |
ქართული ჟურნალისტიკა |
| 653 ## - INDEX TERM--UNCONTROLLED |
| Uncontrolled term |
სიტყვის თავისუფლება |
| 653 ## - INDEX TERM--UNCONTROLLED |
| Uncontrolled term |
საზოგადოებასთან ურთიერთობა |
| 653 ## - INDEX TERM--UNCONTROLLED |
| Uncontrolled term |
იმიჯი |
| 700 ## - ADDED ENTRY--PERSONAL NAME |
| Personal name |
ვეკუა, მარინე |
| Relator term |
იდეის ავტორი |
| 9 (RLIN) |
24408 |
| 700 ## - ADDED ENTRY--PERSONAL NAME |
| Personal name |
რუე, ჟილ |
| Relator term |
იდეის ავტორი |
| 9 (RLIN) |
24409 |
| 700 ## - ADDED ENTRY--PERSONAL NAME |
| Personal name |
გუდაძე, მაია |
| Relator term |
მთარგმნელი |
| 9 (RLIN) |
24410 |
| 942 ## - ADDED ENTRY ELEMENTS (KOHA) |
| Koha item type |
წიგნი |
| Source of classification or shelving scheme |
|